| 000 | 00457nam a22001457a 4500 | ||
|---|---|---|---|
| 020 | _a9788131716755 | ||
| 040 | _cNUST | ||
| 082 |
_a004.21 _bMAZ |
||
| 100 |
_aMuhammad Ali Mazidi _991715 |
||
| 110 |
_aRolind D. Mckinlay, Danny Causey _9124445 |
||
| 245 |
_aPIC Microcontroller and Embedded Systems _bUsing Assembly and C for PIC18 |
||
| 260 |
_aIndia: _bDorling Kindersley, _c2013. |
||
| 650 | _2PIC Microcontroller and Embedded Systems | ||
| 942 |
_2ddc _cBK |
||
| 999 |
_c610303 _d610303 |
||